District Statistical Abstract Kutch District (Gujarart). 1961-62 (Record no. 475270)

MARC details
000 -LEADER
fixed length control field 00599nam a2200205Ia 4500
003 - CONTROL NUMBER IDENTIFIER
control field OSt
005 - DATE AND TIME OF LATEST TRANSACTION
control field 20220925164506.0
008 - FIXED-LENGTH DATA ELEMENTS--GENERAL INFORMATION
fixed length control field 220923b |||||||| |||| 00| 0 eng d
037 ## - SOURCE OF ACQUISITION
Terms of availability General Book
040 ## - CATALOGING SOURCE
Original cataloging agency RTL
Transcribing agency RTL
Language of cataloging eng
041 ## - LANGUAGE CODE
Source of code eng
Language code of text/sound track or separate title eng
245 #0 - TITLE STATEMENT
Title District Statistical Abstract Kutch District (Gujarart). 1961-62
260 ## - PUBLICATION, DISTRIBUTION, ETC.
Place of publication, distribution, etc. Ahmedabad
Name of publisher, distributor, etc. Beuruo of Statestics
Date of publication, distribution, etc. 1962
300 ## - PHYSICAL DESCRIPTION
Extent 156p.
Dimensions cm.
942 ## - ADDED ENTRY ELEMENTS (KOHA)
Classification part E23661s N62 - N61, K2
Koha item type General Books
Source of classification or shelving scheme Colon Classification (CC)
Holdings
Withdrawn status Lost status Damaged status Not for loan Home library Current library Date acquired Total Checkouts Full call number Barcode Date last seen Price effective from Koha item type
        Ratan Tata Library Ratan Tata Library 2022-09-25   E23661s N62 - N61 K2 RT0415024 2022-09-25 2022-09-25 General Books
Copyright @ Delhi University Library System